000 00988cam a22002174a 4500
005 20250605164102.0
008 250528s ||||||||||||||||||||||||d
035 _a17603
020 _a9781844451906
040 _aGR-AtMCL
_bgre
_dGR-AtMCL
_eAACR2
245 1 _aInformation Skills for Education Students
250 _a1st
260 _bLearning Matters,
_c2009
300 _a98
520 _aThis series addresses key study skills in the context of education courses, helping students identify their weaknesses, increase their confidence and realize their academic potential. Information Skills in Context, Recognizing the Need for Information, Information Seeking Strategies, Locating and Accessing Information, Evaluating Information, Presenting Information in Appropriate Formats, Self-Assessment and Self-Reflection, Conclusion, Index.
700 1 _aMcbryde-Wilding Heather
_93777
700 1 _aRichardson Lloyd
_93778
942 _cBK
999 _c3006
_d3006